Statystyki dla Ile wiesz o 2 wojnie światowej?

Kliknij tutaj aby rozwiązać quiz!

Ogólne statystyki

  • Ten quiz został rozwiązany 2 634 razy
  • Średni wynik to 10 z 15

Statystyki odpowiedzi

ZagadnienieOdpowiedź% Poprawnych
O której godzinie wybuchła 2wś?5:40
86%
Jaką nazwę nosiła operacja ataku III Rzeszy na ZSRR?Operacja Barbarossa
85%
Jakie przezwisko posiadał jeden z najsłynniejszych strzelców 2 WŚ, Simo Häyhä?Biała Śmierć
81%
Jak nazywała się książka napisana przez A. Hitlera?Mein Kampf
81%
Gdzie była najbardziej krwawa bitwa 2wś?Stalingrad
81%
Na jakim państwie III Rzesza dokonała ,,anschluss''?Austria
80%
Która osoba była przywódcą Japonii w czasie 2wś?Hirohito
77%
Którego wojskowego nazywano ''Lisem Pustynii,,?Erwin Rommel
65%
Która strona odniosła sukces w Hiszpańskiej rewolucji?Faszystowska
61%
Które Państwo odniosło największe straty podczas 2 wś?ZSRR
57%
Jakie słowa wypowiedział Neville Chamberlain po powrocie z Konferencji w Monachium?,,Oto pokój dla naszych czasów''
52%
Kiedy upadł Hel?2.10.1939
42%
Ile mniej więcej ludzi zmarło w trakcie 2wś?60mln
42%
Jaka konferencja ustaliła granice Europy po 2 wś?Konferencja w Poczdamie
36%
Ile mniej wiecej odnotowano prób zamachów na A. Hitlera?ok.40
31%

Rozkład punktacji

Percentyl według liczby udzielonych odpowiedzi

Procent ludzi z każdym wynikiem

Twoja historia wyników

Nie rozwiązałeś tego quizu